000 00274nmm a2200097Ia 4500
008 220120s9999||||xx |||||||||||||||||und||
020 _a0-07-052929
100 _aPCQ
245 0 _aPCQ-Sep : 20 software super charge your netbook, 7 great lie
260 _aCyber tach publication
999 _c139702
_d139702